00678 a2200181 4500003000400000005001700004008004100021040000900062082001500071100002100086245003200107260003600139300000800175942003600183952013000219952013000349999001700479OSt20240110140720.0240110b |||||||| |||| 00| 0 eng d coclc a297bAKB/W aAkbar, M M92026 aWhat is Islam? /cM M Akbar aKerala:bNiche of truth,c2014. a46p 2ddccBKh297iAKB/Wk297mAKB/W 00102ddc40708ISLAMaMESbMEScISLd2024-01-10l0o297 AKB/Wp44609r2024-01-10 14:08:05t2v20.00w2024-01-10yBKzGL48R3 00102ddc40708ISLAMaMESbMEScISLd2024-01-10l0o297 AKB/Wp44608r2024-01-10 14:08:05t1v20.00w2024-01-10yBKzGL48R3 c43072d43072